Atmospheric and oceanic science letters
Atmospheric and Oceanic Science Letters (AOSL) is an international English letters journal, which provides a forum for the publication of research letters related to all aspects of the atmospheric sciences and physical oceanography.
| Autor Corporativo: | |
|---|---|
| Formato: | Electrónico Revista |
| Lenguaje: | inglés |
| Publicado: |
[Beijing] :
[Institute of Atmospheric Physics, Chinese Academy of Sciences]
Abingdon, Oxon, UK : Taylor & Francis |
| Materias: | |
| Acceso en línea: | Full text available from Research Library: 01/01/2011 to present |
MARC
| LEADER | 00000nas a2200000 a 4500 | ||
|---|---|---|---|
| 001 | ssj0001326703 | ||
| 003 | WaSeSS | ||
| 005 | 20200512172242.0 | ||
| 006 | m d | ||
| 007 | cr n | ||
| 008 | 090226c20089999enkbr p s 0 a0eng | ||
| 010 | |a 2014271488 | ||
| 015 | |a GBB605965 |2 bnb | ||
| 016 | 7 | |a 017671390 |2 Uk | |
| 022 | |a 2376-6123 |y 1674-2834 | ||
| 035 | |a (WaSeSS)ssj0001326703 | ||
| 037 | |b Taylor & Francis, 4 Park Square, Milton Park, Agingdon, Oxfordshire, OX14, 4RN, UK | ||
| 040 | |a ZCU |b eng |e pn |c ZCU |d OCLCS |d GUA |d OCLCF |d DLC |d OCLCQ |d DLC |d UKMGB |d VT2 |d DLC |d WaSeSS | ||
| 042 | |a pcc |a nsdp | ||
| 050 | 0 | 0 | |a GC190 |
| 082 | 1 | 0 | |a 551.5246 |2 1 |
| 210 | 0 | |a Atmos.ocean. sci. lett. |b (Online) | |
| 222 | 0 | |a Atmospheric and oceanic science letters |b (Online) | |
| 245 | 0 | 0 | |a Atmospheric and oceanic science letters |h [electronic resource]. |
| 246 | 1 | |a AOSL | |
| 246 | 1 | 1 | |a Daqi-he-haiyang-kexue-kuaibao |
| 260 | |a [Beijing] : |b [Institute of Atmospheric Physics, Chinese Academy of Sciences] | ||
| 260 | 3 | |3 <2015-> : |a Abingdon, Oxon, UK : |b Taylor & Francis | |
| 310 | |a Bimonthly | ||
| 362 | 1 | |a Began with Vol. 1, issue 1 (2008). | |
| 506 | |a License restrictions may limit access. | ||
| 520 | |a Atmospheric and Oceanic Science Letters (AOSL) is an international English letters journal, which provides a forum for the publication of research letters related to all aspects of the atmospheric sciences and physical oceanography. | ||
| 588 | |a Description baseed on: Vol. 1, issue 1 (2008); title from PDF cover image (Taylor & Francis website, viewed on November 15, 2016). | ||
| 588 | |a Latest issue consulted: Vol. 12, issue 5 (2019) (viewed Sept. 5, 2019). | ||
| 650 | 0 | |a Ocean-atmosphere interaction |v Periodicals. | |
| 650 | 0 | |a Marine meteorology |v Periodicals. | |
| 650 | 7 | |a Marine meteorology. |2 fast |0 (OCoLC)fst01009724 | |
| 650 | 7 | |a Ocean-atmosphere interaction. |2 fast |0 (OCoLC)fst01043612 | |
| 653 | |a Atmosphere |a Oceans | ||
| 655 | 0 | |a Electronic journals. | |
| 710 | 2 | |a Zhongguo ke xue yuan. |b Da qi wu li yan jiu suo. | |
| 776 | 0 | 8 | |i Print version: |t Atmospheric and oceanic science letters |x 1674-2834 |w (DLC) 2014233015 |w (OCoLC)752320701 |
| 850 | |a DLC | ||
| 856 | 4 | 0 | |z Full text available from Research Library: 01/01/2011 to present |u https://search.proquest.com/publication/3962593 |